Cincinnatti Bengals 2012 Starters (Before Injury) - Statistics

General Stats
  • This quiz has been taken 286 times
  • The average score is 11 of 30
Answer Stats
Hint Answer % Correct
QB Andy Dalton
98%
WR AJ Green
95%
HB BenJarvis Green-Ellis
56%
Head Coach Marvin Lewis
55%
DE Michael Johnson
55%
DT Geno Atkins
51%
TE Jermaine Gresham
49%
LT Andrew Whitworth
45%
DE Carlos Dunlap
44%
Place Kicker Mike Nugent
44%
Kick Off Mike Nugent
44%
RT Andre Smith
43%
FS Reggie Nelson
38%
P Kevin Huber
37%
Holder Kevin Huber
37%
CB Leon Hall
35%
MLB Rey Maualuga
34%
DT Domata Peko
33%
WR Brandon Tate
30%
KR Brandon Tate
30%
PR Brandon Tate
30%
RG Kevin Zeitler
23%
Long Snapper Clark Harris
16%
C Kyle Cook
16%
FB Chris Pressley
12%
OLB Manny Lawson
12%
SS Taylor Mays
12%
CB Nate Clements
9%
OLB Thomas Howard
9%
LG Travelle Wharton
5%
No matching quizzes found
Score Distribution
Percent of People with Each Score
Percentile by Number Answered
Your Score History
You have not taken this quiz